000 00578nam a2200241 a 4500
001 nice12345678
003 IN_TiNIC
005 20260116011512.0
008 050524s1938 mada grp 000 0 ara
020 _a
_c100
082 0 0 _a492.715
_bQAZ
100 _aQazwini, Allama
245 _aTalkhees-Ul-Miftah
260 _aMadras
_bNo Publisher
_c1938
300 _a74p
500 _aincludes index and biblioraphy
505 2 _aNotes, Bibliography, Index
650 _aArabic-Prose
700 1 _aQazwini, Allama
902 _bSRS
942 _cBK
999 _c2091
_d2091